Valuación del daño moral en la jurisprudencia sobre la responsabilidad extracontractual del Estado.

Kaydedildi:
Detaylı Bibliyografya
Yazar: Retamal Pina, Alejandra (autor)
Diğer Yazarlar: Muñoz Gajardo, Sergio (prólogo)
Materyal Türü: Kitap
Dil:İspanyolca
Baskı/Yayın Bilgisi: Santiago, Chile: Librotecnia, 2012.
Edisyon:Primera edición.
Seri Bilgileri:Colección Nuevos Autores, 4.
Konular:
Etiketler: Etiketle
Etiket eklenmemiş, İlk siz ekleyin!

MARC

LEADER 00000cam a2200000 a 4500
001 UCF4752
003 CL-VaPUC
005 20220822114405.0
008 121220e20120000CL |||||||||||||||||spa|d
999 |c 350456  |d 350454 
020 |a 978-956-327-073-0 
040 |c Pontificia Universidad Católica de Valparaíso 
082 0 4 |a 347.83033 RET 2012   |2 21 
100 0 |a Retamal Pina, Alejandra  |e autor  |9 566354 
245 1 0 |a Valuación del daño moral en la jurisprudencia sobre la responsabilidad extracontractual del Estado.  
250 |a Primera edición.  
260 |a Santiago, Chile:   |b Librotecnia,  |c 2012.  
300 |a 603 páginas.  
490 0 |a Colección Nuevos Autores, 4. 
500 |a c.2 Donación Familia Prof. Alejandro Guzmán Brito. 
583 |a last modification  |c 20121220 10:25:00  |k Rodrigo Vera 
650 0 |a Daño moral   |9 430896 
650 0 |a Jurisprudencia  |9 255952 
650 0 |a Responsabilidad civil  |2 CL-VaPUC  |9 295720 
650 0 |a Responsabilidad contractual  |9 256720 
700 |a Muñoz Gajardo, Sergio  |9 864085  |e prólogo 
942 |c BK  |2 ddc  |n 0 
945 |d 20121220 00:00:00  |a dcastane 
952 |0 0  |1 0  |4 0  |6 347_830330000000000_RET_2012  |7 0  |8 A  |9 453782  |a BIBDER  |b BIBDER  |d 2019-11-22  |i 4933850  |o 347.83033 RET 2012  |p 4933850  |r 2023-01-25  |w 2019-11-22  |y BK  |k DER 
952 |0 0  |1 0  |2 ddc  |4 0  |6 347_830330000000000_RET_2012  |7 1  |8 C_AGB  |9 581104  |a BIBDER  |b BIBDER  |d 2022-02-03  |e Donación   |i 5644518  |o 347.83033 RET 2012  |p 5644518  |r 2023-01-25  |t 2  |w 2022-02-03  |y BK_US  |k AGB